000 00332nam a22001457a 4500
008 210428b ||||| |||| 00| 0 eng d
020 _a9780136091837
041 _aeng
080 _212th
_a311
082 _a311
100 _a55
101 _aSTA
245 _aEngineering Mechanics Statistics
_cR. C. Hibbeler
942 _2udc
_cBK
999 _c56903
_d56903